STRATEGIC MANAGEMENT IN THE 21ST CENTURY (Record no. 31260)

MARC details
000 -LEADER
fixed length control field 00366nam a2200145Ia 4500
008 - FIXED-LENGTH DATA ELEMENTS--GENERAL INFORMATION
fixed length control field 240624s9999 xx 000 0 und d
041 ## - LANGUAGE CODE
Language code of text/sound track or separate title eng
082 ## - DEWEY DECIMAL CLASSIFICATION NUMBER
Classification number 658.4012 WIL
100 ## - MAIN ENTRY--PERSONAL NAME
Personal name WILKINSON TIMOTHY J
245 ## - TITLE STATEMENT
Title STRATEGIC MANAGEMENT IN THE 21ST CENTURY
260 ## - PUBLICATION, DISTRIBUTION, ETC.
Date of publication, distribution, etc. 2013
Place of publication, distribution, etc. England
Name of publisher, distributor, etc. Praeger
300 ## - PHYSICAL DESCRIPTION
Extent viii, 313 p.; 23 cm.
365 ## - TRADE PRICE
Currency code
Price amount 38
440 ## - SERIES STATEMENT/ADDED ENTRY--TITLE
Volume/sequential designation 1
Holdings
Withdrawn status Lost status Damaged status Not for loan Home library Current library Shelving location Date acquired Full call number Barcode Date last seen Copy number Price effective from Koha item type
        IMTN IMTN Rack 27-B 09/06/2018 658.4012 WIL 31260 06/24/2024 72.1 06/24/2024 Books
Designed & Maintained by: LRC IMT Nagpur Contact: lrc@imtnag.ac.in© 2024. All Rights Reserved.